[Event "Stay Safe Play From Home 343"]
[Site "Emanuel Lasker Arena"]
[Date "2020.07.30"]
[Round "7"]
[White "Haris kollari 13"]
[Black "Lamborghini"]
[Result "0-1"]
[WhiteElo "1687"]
[BlackElo "2240"]
[Annotator "NA"]
[PlyCount "74"]
[EventDate "2020.07.30"]
[EventType "swiss (blitz)"]

1. e4 {[%emt 0:00:01]} c5 {[%emt 0:00:01]} 2. f4 {[%emt 0:00:00]} d6 {[%emt 0:00:00]} 3. Nf3 {[%emt 0:00:00]} e6 {[%emt 0:00:00]} 4. d4 {[%emt 0:00:00]} cxd4 {[%emt 0:00:01]} 5. Nxd4 {[%emt 0:00:00]} Nf6 {[%emt 0:00:00]} 6. Nc3 {[%emt 0:00:00]} Be7 {[%emt 0:00:00]} 7. Be2 {[%emt 0:00:01]} O-O {[%emt 0:00:00]} 8. O-O {[%emt 0:00:01]} Nc6 {[%emt 0:00:01]} 9. Be3 {[%emt 0:00:01]} Qb6 {[%emt 0:00:01]} 10. Qd2 {[%emt 0:00:01]} Qxb2 {[%emt 0:00:05]} 11. a4 {[%emt 0:00:02]} Qb4 {[%emt 0:00:02]} 12. Rfb1 {[%emt 0:00:04]} Nxe4 {[%emt 0:00:03]} 13. Nxe4 {[%emt 0:00:05]} Qxd2 {[%emt 0:00:02]} 14. Nxd2 {[%emt 0:00:01]} Nxd4 {[%emt 0:00:01]} 15. Bxd4 {[%emt 0:00:01]} b6 {[%emt 0:00:00]} 16. c3 {[%emt 0:00:02]} Bb7 {[%emt 0:00:01]} 17. Bf3 {[%emt 0:00:00]} Bxf3 {[%emt 0:00:01]} 18. Nxf3 {[%emt 0:00:00]} Rfc8 {[%emt 0:00:01]} 19. a5 {[%emt 0:00:01]} bxa5 {[%emt 0:00:02]} 20. Rxa5 {[%emt 0:00:01]} Bf8 {[%emt 0:00:00]} 21. Rb7 {[%emt 0:00:01]} a6 {[%emt 0:00:01]} 22. Ra3 {[%emt 0:00:04]} f6 {[%emt 0:00:01]} 23. Rab3 {[%emt 0:00:01]} e5 {[%emt 0:00:00]} 24. fxe5 {[%emt 0:00:01]} dxe5 {[%emt 0:00:01]} 25. Bb6 {[%emt 0:00:03]} a5 {[%emt 0:00:01]} 26. Ra3 {[%emt 0:00:02]} a4 {[%emt 0:00:00]} 27. Ba5 {[%emt 0:00:02]} Bxa3 {[%emt 0:00:01]} 28. Bb4 {[%emt 0:00:02]} Bxb4 {[%emt 0:00:01]} 29. cxb4 {[%emt 0:00:01]} a3 {[%emt 0:00:00]} 30. Nd2 {[%emt 0:00:03]} a2 {[%emt 0:00:00]} 31. Nb3 {[%emt 0:00:00]} Rc3 {[%emt 0:00:01]} 32. Na1 {[%emt 0:00:01]} Rc1+ {[%emt 0:00:01]} 33. Kf2 {[%emt 0:00:01]} Rxa1 {[%emt 0:00:00]} 34. b5 {[%emt 0:00:01]} Rf1+ {[%emt 0:00:00]} 35. Kxf1 {[%emt 0:00:01]} a1=Q+ {[%emt 0:00:00]} 36. Kf2 {[%emt 0:00:00]} Qd4+ {[%emt 0:00:00]} 37. Kg3 {[%emt 0:00:01]} Ra3# {[%emt 0:00:00]} 0-1

[Event "Stay Safe Play From Home 343"]
[Site "Emanuel Lasker Arena"]
[Date "2020.07.30"]
[Round "7"]
[White "Psvidyarthi"]
[Black "Klasman"]
[Result "1-0"]
[WhiteElo "1531"]
[BlackElo "1300"]
[Annotator "NA RC"]
[PlyCount "53"]
[EventDate "2020.07.30"]
[EventType "swiss (blitz)"]

1. e3 {[%emt 0:00:01]} f5 {[%emt 0:00:01]} 2. d4 {[%emt 0:00:01]} c5 {[%emt 0:00:01]} 3. Bc4 {[%emt 0:00:01]} d5 {[%emt 0:00:02]} 4. Bb5+ {[%emt 0:00:02]} Bd7 {[%emt 0:00:02]} 5. Bxd7+ {[%emt 0:00:01]} Nxd7 {[%emt 0:00:01]} 6. c3 {[%emt 0:00:02]} e6 {[%emt 0:00:02]} 7. Ne2 {[%emt 0:00:02]} Ngf6 {[%emt 0:00:01]} 8. O-O {[%emt 0:00:00]} Bd6 {[%emt 0:00:01]} 9. dxc5 {[%emt 0:00:01]} Bxc5 {[%emt 0:00:02]} 10. Nd4 {[%emt 0:00:01]} Qe7 {[%emt 0:00:03]} 11. Nb5 {[%emt 0:00:03]} O-O {[%emt 0:00:05]} 12. N1a3 {[%emt 0:00:02]} a6 {[%emt 0:00:02]} 13. Nd4 {[%emt 0:00:03]} Ne4 {[%emt 0:00:06]} 14. b4 {[%emt 0:00:01]} Bd6 {[%emt 0:00:02]} 15. Qc2 {[%emt 0:00:01]} e5 {[%emt 0:00:05]} 16. Nb3 {[%emt 0:00:03]} Qh4 {[%emt 0:00:03]} 17. f3 {[%emt 0:00:02]} Ng5 {[%emt 0:00:04]} 18. g3 {[%emt 0:00:03]} Qh3 {[%emt 0:00:03]} 19. Qg2 {[%emt 0:00:05]} f4 {[%emt 0:00:01]} 20. Qxh3 {[%emt 0:00:02]} Nxh3+ {[%emt 0:00:01]} 21. Kg2 {[%emt 0:00:01]} Ng5 {[%emt 0:00:02]} 22. g4 {[%emt 0:00:02]} Ne6 {[%emt 0:00:03]} 23. e4 {[%emt 0:00:02]} d4 {[%emt 0:00:02]} 24. cxd4 {[%emt 0:00:03]} exd4 {[%emt 0:00:01]} 25. Bb2 {[%emt 0:00:03]} Bxb4 {[%emt 0:00:02]} 26. Nc4 {[%emt 0:00:07]} Bc3 {[%emt 0:00:02]} 27. Rad1 {[%emt 0:00:00] ' Time '} 1-0

[Event "Stay Safe Play From Home 343"]
[Site "Emanuel Lasker Arena"]
[Date "2020.07.30"]
[Round "7"]
[White "Trotsky"]
[Black "Mamba2001de"]
[Result "1-0"]
[WhiteElo "1464"]
[BlackElo "1515"]
[Annotator "NA"]
[PlyCount "51"]
[EventDate "2020.07.30"]
[EventType "swiss (blitz)"]

1. d4 {[%emt 0:00:01]} e6 {[%emt 0:00:01]} 2. e3 {[%emt 0:00:00]} d5 {[%emt 0:00:01]} 3. c4 {[%emt 0:00:01]} Nf6 {[%emt 0:00:01]} 4. Nc3 {[%emt 0:00:01]} dxc4 {[%emt 0:00:01]} 5. Bxc4 {[%emt 0:00:01]} Nbd7 {[%emt 0:00:00]} 6. Nf3 {[%emt 0:00:01]} Nb6 {[%emt 0:00:01]} 7. Bd3 {[%emt 0:00:01]} Bd7 {[%emt 0:00:01]} 8. Qc2 {[%emt 0:00:01]} Bc6 {[%emt 0:00:01]} 9. Bd2 {[%emt 0:00:01]} h6 {[%emt 0:00:01]} 10. O-O-O {[%emt 0:00:03]} Be7 {[%emt 0:00:00]} 11. h4 {[%emt 0:00:02]} O-O {[%emt 0:00:02]} 12. Ng5 {[%emt 0:00:01]} Nfd5 {[%emt 0:00:02]} 13. Bh7+ {[%emt 0:00:01]} Kh8 {[%emt 0:00:01]} 14. Bg8 {[%emt 0:00:00]} f5 {[%emt 0:00:12]} 15. Bxe6 {[%emt 0:00:03]} Bf6 {[%emt 0:00:05]} 16. Bxf5 {[%emt 0:00:04]} Nxc3 {[%emt 0:00:03]} 17. Be6 {[%emt 0:00:06]} Bxg5 {[%emt 0:00:02]} 18. hxg5 {[%emt 0:00:02]} Qxg5 {[%emt 0:00:01]} 19. e4 {[%emt 0:00:03]} Qf6 {[%emt 0:00:02]} 20. e5 {[%emt 0:00:03]} Qxf2 {[%emt 0:00:05]} 21. Rh3 {[%emt 0:00:04]} Qxd4 {[%emt 0:00:02]} 22. Rdh1 {[%emt 0:00:02]} Nxa2+ {[%emt 0:00:04]} 23. Kd1 {[%emt 0:00:02]} Nb4 {[%emt 0:00:01]} 24. Rxh6+ {[%emt 0:00:02]} gxh6 {[%emt 0:00:01]} 25. Rxh6+ {[%emt 0:00:01]} Kg7 {[%emt 0:00:01]} 26. Qg6# {[%emt 0:00:01] (Lag: Av=0.30s, max=0.7s)} 1-0

[Event "Stay Safe Play From Home 343"]
[Site "Emanuel Lasker Arena"]
[Date "2020.07.30"]
[Round "8"]
[White "NTBT_DHS"]
[Black "Stefanone"]
[Result "1-0"]
[WhiteElo "2604"]
[BlackElo "2080"]
[Annotator "TA"]
[PlyCount "87"]
[EventDate "2020.07.30"]
[EventType "swiss (blitz)"]

{[%evp 12,87,25,26,28,23,35,12,15,15,26,-11,4,0,138,128,194,131,128,14,164,165,237,261,242,240,226,197,206,102,113,37,137,22,33,45,231,130,241,234,325,287,327,64,175,160,208,114,100,113,307,95,158,158,148,156,158,150,172,132,204,196,245,267,273,264,540,271,264,197,321,-572,-562,-548,-535,-516,604,575]} 1. e3 d5 2. Nf3 c6 3. d4 e6 4. c4 f5 5. Nc3 Nf6 6. Bd3 Bd6 7. O-O Qe7 {A85: Dutch Defence: 2 c4 Nf6 3 Nc3.} 8. b3 O-O {is the legacy move (8...Ne4).} 9. Qc2 Ne4 {The position is equal.} 10. Bb2 Nd7 {[#]} 11. Nd2 $146 ({Predecessor:} 11. Rac1 b6 12. Ne2 c5 13. Ne5 cxd4 14. Nxd7 Bxd7 15. Nxd4 Rac8 16. Qe2 e5 17. Nb5 Bxb5 18. cxb5 {½-½ (36) Kirpikov,A (2304)-Hof,E (2439) ICCF email 2014}) 11... Rf6 {Hoping for ...Bxh2+!} 12. f3 $36 {[%mdl 2048] White is pushing.} Bxh2+ (12... Rh6 $11 {remains equal.} 13. fxe4 Bxh2+ 14. Kf2 fxe4 15. Ndxe4 dxe4 16. Nxe4 Nf6) 13. Kxh2 $16 Rh6+ 14. Kg1 Ng3 15. f4 ({White should play} 15. Rfe1 $16) 15... Qh4 (15... Nf6 $11 {and Black has nothing to worry.} 16. Kf2 Nxf1 17. Nxf1 (17. Kxf1 Ng4 $11) 17... Ng4+ 18. Ke2 Rh1) 16. Nf3 $18 Qh1+ (16... Qh5 $142 17. Kf2 Nxf1) 17. Kf2 Nxf1 18. Rxf1 Qh5 19. cxd5 exd5 20. b4 (20. Ne2 $18 {has better winning chances.}) 20... Nf6 $16 21. b5 (21. Rg1 $16) 21... Ne4+ (21... cxb5 $1 $14 22. Qb3 (22. Nxb5 Bd7 $11) (22. Bxb5 Ne4+ 23. Ke1 Rb6 $14) 22... Be6) 22. Bxe4 (22. Ke1 $1 $16) 22... fxe4 $11 23. Ne5 Bf5 $2 (23... Qh4+ $1 $14 24. Ke2 Bg4+ 25. Kd2 Qg3) 24. bxc6 (24. Ne2 $1 $18) 24... bxc6 (24... Qh4+ $16 25. Ke2 bxc6) 25. Ne2 $18 Rc8 26. Qc5 Qh4+ {[#]} 27. g3 $2 (27. Ng3 $1 $18 {Threatens to win with Rh1.} Be6 28. Ba3) 27... Qh2+ (27... Qh5 $14) 28. Ke1 $16 Bh3 {[#]} 29. Rf2 (29. Rg1 $1 $18) 29... Qh1+ 30. Kd2 Bg2 $2 (30... Qb1 $16 {might work better.} 31. Qc2 Qxc2+ 32. Kxc2 c5) 31. Qc1 $2 (31. Qxa7 $18 Rf6 32. Ba3) 31... Qxc1+ (31... Bf3 $142) 32. Bxc1 Bf3 33. Nxf3 exf3 34. Rxf3 c5 35. f5 Rf6 (35... cxd4 $16 {keeps fighting.} 36. exd4 Rh2) 36. Bb2 $18 c4 37. Nc3 Ra6 38. Kc2 ({Don't do} 38. Nxd5 Rb8 $18) 38... Rb6 $2 (38... Rd8 39. Rf2 h6) 39. a3 Rcb8 40. Nd1 c3 (40... Rf8 $142 41. Nc3 Rfb8) 41. g4 $4 {[%mdl 8192]} ({Weaker is} 41. Kxc3 Rc6+ 42. Kd2 Rb3 $18) (41. Bxc3 $18 {and life is good for White. Black must now prevent Bb4.} Rc6 42. Nf2) 41... cxb2 $19 42. Kb1 Rc6 {( -> ...Rc1+)} 43. Nxb2 Rc1+ $4 {[%mdl 8192]} (43... Rc3 $19 44. a4 Rcb3) 44. Kxc1 {Accuracy: White = 39%, Black = 29%.} 1-0

[Event "Stay Safe Play From Home 343"]
[Site "Emanuel Lasker Arena"]
[Date "2020.07.30"]
[Round "8"]
[White "AChessPlayer"]
[Black "Lamborghini"]
[Result "1-0"]
[WhiteElo "2418"]
[BlackElo "2242"]
[Annotator "TA"]
[PlyCount "113"]
[EventDate "2020.07.30"]
[EventType "swiss (blitz)"]

{[%evp 13,113,24,31,30,47,45,47,27,33,0,61,38,158,31,78,67,40,18,25,14,34,30,90,43,103,120,110,91,114,109,97,103,172,85,91,96,92,38,46,7,58,0,29,8,22,0,0,-7,-3,-4,59,-23,0,0,35,6,10,18,109,9,34,44,38,0,0,0,63,59,177,188,211,120,150,0,0,0,0,0,0,0,0,0,0,0,0,0,1688,0,0,0,29963,6528,2397,0,29992,29993,29995,29996,29996,29996,29996,29997]} 1. Nf3 Nf6 2. g3 g6 3. Bg2 Bg7 4. O-O O-O 5. d4 d6 6. a4 c6 7. a5 Nbd7 8. c4 {A49: 1 d4 Nf6 2 Nf3 g6 3 g3: Anti-King's Indian systems.} Rb8 9. Nc3 Re8 10. e4 {White is slightly better.} e5 {[#]} 11. d5 $146 ({Predecessor:} 11. Re1 Qe7 12. h3 h6 13. Be3 b5 14. axb6 axb6 15. d5 cxd5 16. cxd5 b5 17. b4 {1-0 (54) Gonzalez,R (2451)-Perez Ponsa,F (2577) chess.com INT 2017}) 11... Qc7 (11... cxd5 $11 12. cxd5 (12. exd5 e4 $11) 12... Nc5) 12. h3 b5 (12... b6 $14) 13. axb6 (13. dxc6 $16 Qxc6 14. cxb5 Rxb5 15. Nxb5 Qxb5 16. Qxd6) 13... axb6 14. dxc6 Qxc6 15. Nd2 Nc5 16. Qe2 Be6 17. b4 $36 {[%mdl 2048] White has some pressure.} Nb7 (17... Ncd7 $11) 18. Bb2 Rec8 (18... Qd7 $14) 19. Nd5 $16 Bxd5 20. exd5 Qd7 21. Ra7 Rc7 22. Rfa1 h5 (22... Ne8 $16) 23. Kh2 (23. R7a6 $18) 23... Nd8 24. Rxc7 Qxc7 25. b5 (25. Kg1 $16) 25... Nd7 26. Ba3 Nc5 (26... f5 $11) 27. Bb4 (27. Bxc5 $1 $14 dxc5 28. Ra2) 27... Ndb7 28. Qe3 Qd8 29. Ra7 Ra8 30. Qa3 Rxa7 31. Qxa7 Kh7 (31... f5 $11) 32. Qa3 (32. Bxc5 $14 Nxc5 33. Qxf7) 32... Bh6 33. h4 f5 34. Nf3 (34. Qa7 $5 {[%cal Rb4c5]} Kg8 35. Bc3 $14) 34... e4 35. Nd4 {next Qa7 is good for White.} Qf6 {[#]} (35... Bg7 $11 {remains equal.} 36. Nc6 Qf6) 36. Bc3 ({Better is} 36. Ne6 $1 $16 {aiming for Bc3.} Nxe6 37. dxe6 Qxe6 38. Qa7) 36... Qe7 37. Nc6 Qf7 38. Qa8 {[%csl Gc3][%cal Ra8h8]} Bg7 39. Bd4 Bxd4 (39... f4 $11) 40. Nxd4 $14 e3 (40... Qe7 $14) 41. fxe3 $18 Qe7 {[#] intending ...Na5.} 42. Nf3 (42. Qb8 $1 $18) 42... Ne4 43. Qc8 (43. Qa7 $16) 43... Nbc5 $11 44. Nd4 Nxg3 {[%mdl 64] Decoy} 45. Kxg3 {Strongly threatening Ne6.} Qxe3+ {[%mdl 64] Double Attack} 46. Nf3 Ne4+ 47. Kh3 Qf2 {[%csl Ge4][%cal Rf2g3]} (47... Qf4 $5 48. Ng5+ $8 Nxg5+ 49. hxg5 Qxg5 $11) 48. Ng5+ Nxg5+ 49. hxg5 {Qd7+ would kill now.} f4 $2 {[%mdl 8192]} (49... Qe3+ $11 50. Kh4 (50. Kh2 Qf4+ 51. Kh1 Qh4+ 52. Kg1 Qe1+ 53. Kh2 Qe5+ 54. Kh3 Qc3+ 55. Kh4 Qd4+ 56. Kg3 Qe3+ 57. Kh2 Qxg5 $11) 50... Qf4+ 51. Kh3 Qg4+ 52. Kh2 Qf4+ 53. Kh1 Qh4+ 54. Kg1 Qe1+ 55. Kh2 Qh4+ 56. Kg1 (56. Bh3 Qf2+ 57. Kh1 Qe1+ 58. Kh2 Qf2+ 59. Bg2 Qh4+ 60. Bh3 Qf2+ $11) 56... Qe1+ 57. Bf1 (57. Kh2 Qh4+ 58. Kg1 $11) 57... Qg3+ 58. Bg2 Qe1+) 50. Kh2 $2 ({White should try} 50. Qc7+ $18 Kh8 51. Qd8+ Kh7 52. Qe7+ Kh8 53. Qf8+ Kh7 54. Qh6+ Kg8 55. Qxg6+ {[%mdl 64] Double Attack} Kf8 56. Qxd6+ Kg8 57. Qa3) 50... Qg3+ {[%mdl 64] Double Attack} 51. Kh1 f3 $2 {[%mdl 8192]} (51... Qe1+ $11 52. Kh2 Qg3+ {[%mdl 64] Double Attack} 53. Kh1 Qe1+ 54. Kh2 Qg3+ {[%mdl 64] Double Attack}) 52. Qd7+ (52. Qc7+ $142 Kh8 53. Qd8+ Kh7 54. Qe7+ Kh8 55. Qf8+ Kh7 56. Qh6+ Kg8 57. Qxg6+ Kf8 58. Qf5+ Kg7 59. Bxf3) 52... Kg8 $18 53. Qh3 $2 (53. Qe6+ $18 Kf8 54. Qf6+ {[%mdl 64] Double Attack} Ke8 55. Qxg6+ Kf8 56. Qf5+ Kg7 57. Bxf3) 53... Kg7 $2 {[%mdl 8192]} (53... fxg2+ $11 54. Qxg2 Qh4+ 55. Qh2 Qe4+ 56. Kg1 Qe1+ 57. Kg2 Qe4+ 58. Kg1 Qg4+ 59. Kf2 Qf5+ 60. Ke3 Qxg5+ 61. Ke2 Qe7+ 62. Kd3 Qd8) 54. Qxg3 {White mates.} f2 55. Qxf2 h4 56. Qf6+ Kh7 {[#]} 57. Be4 $1 {Accuracy: White = 55%, Black = 50%.} 1-0

[Event "Stay Safe Play From Home 343"]
[Site "Emanuel Lasker Arena"]
[Date "2020.07.30"]
[Round "8"]
[White "TheCHESSHOUSE"]
[Black "Psvidyarthi"]
[Result "1-0"]
[WhiteElo "2148"]
[BlackElo "1561"]
[Annotator "TA"]
[PlyCount "69"]
[EventDate "2020.07.30"]
[EventType "swiss (blitz)"]

{[%evp 9,69,27,53,18,74,60,110,64,123,29,103,80,107,100,193,189,233,195,236,239,249,232,548,240,254,258,255,247,679,664,816,755,2116,2111,2253,2255,2307,2212,2926,2964,2883,2722,6695,4819,29985,5632,29991,29990,29996,29995,29998,29996,29996,29997,29997,29997,29997,29998,29998,29998,29998,29999]} 1. d4 Nf6 2. c4 e6 3. g3 Bb4+ 4. Bd2 c6 5. Bg2 a5 6. Nf3 {[#] E00: Catalan Bogo-Indian (3 g3 Bb4+).} c5 $146 (6... O-O $11 {remains equal.}) ({Predecessor:} 6... d5 7. Qc2 O-O 8. O-O b6 9. Bf4 Bd6 10. Bxd6 Qxd6 11. Nbd2 Ba6 {½-½ (11) Zafirovski,M (2271)-Raicevic,I (2307) Serbia 2006}) 7. dxc5 Nc6 8. O-O {White is better.} O-O ({Black should try} 8... Bxc5 $14 9. Nc3 O-O) 9. a3 (9. Bxb4 $16 axb4 10. Nbd2) 9... Bxd2 (9... Bxc5 $11 {keeps the balance.} 10. Nc3 b6) 10. Nbxd2 {Black is on the road to losing.} d5 11. cxd5 Nxd5 (11... exd5 $16 12. Re1 a4) 12. Rc1 Nce7 13. Qc2 Ng6 14. Rfd1 Bd7 15. Nc4 Bc6 $2 (15... Qc7 {is a better chance.} 16. Nd6 Bc6) 16. Nd6 (16. e4 $142) 16... Qd7 17. e4 Nf6 18. h4 Bxe4 $2 (18... Qc7 19. Nd4 a4) 19. Nxe4 $18 Nd5 20. Nd6 Qa4 21. Qxa4 b5 22. Nxb5 Nge7 23. Nd6 Rfc8 24. Ne5 Rc7 25. Bxd5 Nxd5 {[#]} 26. Rxd5 $1 exd5 27. Qf4 (27. Qd4 $142 Rf8 28. Qxd5 g5 29. hxg5 a4 30. c6 h5 31. Nd7 h4 {[#]} 32. Qf5 $1 {[%mdl 512]}) 27... Rac8 28. c6 {White mates.} Rxc6 29. Rxc6 Rxc6 30. Nxc6 f6 31. Qf5 {[%cal Rf5c8]} g6 32. Qe6+ Kg7 33. Qf7+ Kh6 34. Qxf6 d4 35. Nf7+ {Accuracy: White = 56%, Black = 10%.} 1-0

[Event "Stay Safe Play From Home 343"]
[Site "Emanuel Lasker Arena"]
[Date "2020.07.30"]
[Round "8"]
[White "Brinki"]
[Black "Little champs"]
[Result "1-0"]
[WhiteElo "2126"]
[BlackElo "2224"]
[Annotator "TA"]
[PlyCount "97"]
[EventDate "2020.07.30"]
[EventType "swiss (blitz)"]

{[%evp 18,96,11,-23,0,-42,-26,-43,0,-160,-137,-135,-160,-147,-55,-69,-25,-60,-33,-85,-31,-54,0,-37,0,-51,-54,-54,425,431,427,402,395,284,259,285,687,682,801,800,778,720,677,648,652,655,910,864,803,662,29976,29977,29978,29977,1926,1300,29985,29986,29986,29987,29989,29990,29990,29991,29998,29990,29990,29991,29991,29992,29997,29997,29997,29998,29998,29997,29997,29997,29998,29999,29999]} 1. e4 c5 2. Nf3 d6 3. d4 cxd4 4. Nxd4 Nf6 5. Nc3 a6 6. Bg5 e5 7. Nb3 Be6 8. Be2 Be7 9. O-O Nbd7 10. Qd2 O-O {B92: Sicilian Najdorf: 6 Be2.} 11. Rad1 Rc8 12. f4 {[#]} Rxc3 $146 {Black is slightly better.} ({Predecessor:} 12... h6 13. fxe5 dxe5 14. Be3 Qc7 15. Nd5 Bxd5 16. exd5 Qxc2 17. Bf3 Bd6 18. Qa5 Qg6 {0-1 (62) Woinowski,M (1731)-Luebke,T (1936) Berlin 2014}) 13. bxc3 $2 (13. Bxf6 $1 $11 Rc7 14. Bxe7 Qxe7 15. c3) 13... Nxe4 $17 14. Qd3 {Hoping for Bxe7.} Nxg5 15. fxg5 Qb6+ (15... Nb6 $17 16. h4 Qc7) 16. Kh1 $15 a5 {[%cal Ba6a5,Ba5a4][%mdl 1056] Black has compensation.} 17. h4 a4 18. Nd2 Nc5 (18... d5 $17 19. Rb1 Qc7) 19. Qf3 g6 (19... Qc6 $1 $15) 20. Rb1 Qc7 21. Ne4 (21. Bc4 $11) 21... Nxe4 22. Qxe4 {[%mdl 64] [#] Double Attack} Bxa2 $2 {[%mdl 8192] Black cannot hold the game after this.} (22... d5 $15 {keeps the upper hand.} 23. Qe3 (23. Qxa4 e4 $15) 23... b6) 23. Rxb7 $18 Qd8 24. c4 d5 25. Qxd5 Qxd5 26. cxd5 Bxd5 $2 (26... Bc5 27. c4 Bb3) 27. Rxe7 e4 28. Ra7 Rc8 29. Rxa4 Rxc2 30. Bg4 Kg7 31. Rd4 Bc6 32. Bd1 Rb2 33. Rd6 Bb7 {[#]} 34. Rd7 $1 Bd5 35. Rxd5 Rb7 36. Rd6 Re7 37. Bb3 {White mates.} e3 38. Rdf6 e2 39. Rxf7+ Rxf7 40. Rxf7+ Kh8 41. Re7 h6 42. gxh6 e1=Q+ 43. Rxe1 g5 44. hxg5 Kh7 45. Bc2+ Kg8 46. Re7 Kf8 47. Rg7 Ke8 48. h7 {[%cal Rh7h8]} Kf8 49. h8=Q# {Accuracy: White = 53%, Black = 34%.} 1-0

[Event "Stay Safe Play From Home 343"]
[Site "Emanuel Lasker Arena"]
[Date "2020.07.30"]
[Round "8"]
[White "SoulofWolf"]
[Black "Oznog"]
[Result "0-1"]
[WhiteElo "2059"]
[BlackElo "1773"]
[Annotator "RC"]
[PlyCount "54"]
[EventDate "2020.07.30"]
[EventType "swiss (blitz)"]

1. f4 {[%emt 0:00:01]} Nf6 {[%emt 0:00:01]} 2. d3 {[%emt 0:00:00]} d5 {[%emt 0:00:02]} 3. e4 {[%emt 0:00:00]} dxe4 {[%emt 0:00:02]} 4. d4 {[%emt 0:00:01]} e6 {[%emt 0:00:02]} 5. a3 {[%emt 0:00:01]} c5 {[%emt 0:00:02]} 6. c3 {[%emt 0:00:01]} cxd4 {[%emt 0:00:01]} 7. cxd4 {[%emt 0:00:00]} Nc6 {[%emt 0:00:01]} 8. h3 {[%emt 0:00:01]} Bd6 {[%emt 0:00:02]} 9. Nc3 {[%emt 0:00:02]} a6 {[%emt 0:00:03]} 10. Bc4 {[%emt 0:00:02]} Na5 {[%emt 0:00:02]} 11. Ba2 {[%emt 0:00:01]} Qc7 {[%emt 0:00:01]} 12. Nge2 {[%emt 0:00:01]} b5 {[%emt 0:00:01]} 13. O-O {[%emt 0:00:01]} Bb7 {[%emt 0:00:01]} 14. Be3 {[%emt 0:00:01]} Nc4 {[%emt 0:00:02]} 15. Bxc4 {[%emt 0:00:05]} Qxc4 {[%emt 0:00:00]} 16. Rc1 {[%emt 0:00:00]} Nd5 {[%emt 0:00:03]} 17. Nxe4 {[%emt 0:00:05]} Nxe3 {[%emt 0:00:03]} 18. Nxd6+ {[%emt 0:00:02]} Kd7 {[%emt 0:00:01]} 19. Qd2 {[%emt 0:00:04]} Qd5 {[%emt 0:00:05]} 20. Nxb7 {[%emt 0:00:06]} Nxf1 {[%emt 0:00:03]} 21. Nc5+ {[%emt 0:00:04]} Ke7 {[%emt 0:00:03]} 22. Rxf1 {[%emt 0:00:04]} Rac8 {[%emt 0:00:01]} 23. f5 {[%emt 0:00:01]} Rxc5 {[%emt 0:00:02]} 24. f6+ {[%emt 0:00:00]} gxf6 {[%emt 0:00:01]} 25. Qh6 {[%emt 0:00:01]} Rg8 {[%emt 0:00:03]} 26. Qxf6+ {[%emt 0:00:01]} Kd6 {[%emt 0:00:03]} 27. Qxf7 {[%emt 0:00:03]} Qxg2# {[%emt 0:00:02] (Lag: Av=0.49s, max=1.0s)} 0-1

[Event "Stay Safe Play From Home 343"]
[Site "Emanuel Lasker Arena"]
[Date "2020.07.30"]
[Round "8"]
[White "Haris kollari 13"]
[Black "Trotsky"]
[Result "1-0"]
[WhiteElo "1686"]
[BlackElo "1484"]
[Annotator "NA"]
[PlyCount "63"]
[EventDate "2020.07.30"]
[EventType "swiss (blitz)"]

1. e4 {[%emt 0:00:02]} c5 {[%emt 0:00:01]} 2. f4 {[%emt 0:00:00]} e6 {[%emt 0:00:00]} 3. Nf3 {[%emt 0:00:00]} d5 {[%emt 0:00:01]} 4. e5 {[%emt 0:00:02]} Nc6 {[%emt 0:00:01]} 5. d3 {[%emt 0:00:00]} Qc7 {[%emt 0:00:01]} 6. c3 {[%emt 0:00:01]} Bd7 {[%emt 0:00:01]} 7. Be3 {[%emt 0:00:01]} O-O-O {[%emt 0:00:02]} 8. Be2 {[%emt 0:00:01]} f6 {[%emt 0:00:01]} 9. d4 {[%emt 0:00:02]} c4 {[%emt 0:00:02]} 10. Nbd2 {[%emt 0:00:02]} h5 {[%emt 0:00:02]} 11. O-O {[%emt 0:00:01]} Nh6 {[%emt 0:00:01]} 12. b3 {[%emt 0:00:01]} g5 {[%emt 0:00:01]} 13. fxg5 {[%emt 0:00:05]} fxg5 {[%emt 0:00:01]} 14. Bxg5 {[%emt 0:00:04]} Re8 {[%emt 0:00:08]} 15. bxc4 {[%emt 0:00:01]} Ng4 {[%emt 0:00:02]} 16. cxd5 {[%emt 0:00:02]} exd5 {[%emt 0:00:01]} 17. Bf4 {[%emt 0:00:01]} Rh7 {[%emt 0:00:08]} 18. h3 {[%emt 0:00:02]} Ncxe5 {[%emt 0:00:01]} 19. hxg4 {[%emt 0:00:05]} hxg4 {[%emt 0:00:02]} 20. Nxe5 {[%emt 0:00:01]} Bd6 {[%emt 0:00:01]} 21. g3 {[%emt 0:00:02]} Reh8 {[%emt 0:00:01]} 22. Kf2 {[%emt 0:00:02]} Bxe5 {[%emt 0:00:08]} 23. Bxe5 {[%emt 0:00:01]} Qd8 {[%emt 0:00:05]} 24. Ke3 {[%emt 0:00:02]} Rh3 {[%emt 0:00:02]} 25. Bxg4 {[%emt 0:00:02]} Bxg4 {[%emt 0:00:02]} 26. Qxg4+ {[%emt 0:00:02]} Qd7 {[%emt 0:00:01]} 27. Qxd7+ {[%emt 0:00:02]} Kxd7 {[%emt 0:00:01]} 28. Nf3 {[%emt 0:00:01]} R8h5 {[%emt 0:00:02]} 29. Rae1 {[%emt 0:00:03] .} Kc6 {[%emt 0:00:01]} 30. Rf2 {[%emt 0:00:01]} Kb5 {[%emt 0:00:01]} 31. Ree2 {[%emt 0:00:01]} Ka4 {[%emt 0:00:01]} 32. Rb2 {[%emt 0:00:01] Âðåìÿ (Lag: Av=0.30s, max=0.4s)} 1-0